|
|
|
|
| LEADER |
00000nab a2200000 ar4500 |
| 001 |
vtls009004089 |
| 003 |
SK-MaSNL |
| 005 |
20260318140639.0 |
| 008 |
070427c2007 xo |||||| | 000 b|hun |
| 015 |
|
|
|a SNBRB2007/04
|2 snkbucl
|
| 038 |
|
|
|a SNKBUCL
|
| 040 |
|
|
|a DSZK
|b slo
|c DSZK
|e AACR2
|
| 041 |
0 |
|
|a hun
|
| 044 |
|
|
|a xo
|c SK
|
| 080 |
|
|
|a 614.88
|x (437.6)
|2 1997
|
| 245 |
0 |
0 |
|a Hívószám: 155
|b elhivatottság nélkül nem lehet csinálni
|c Hübschné Dráfi Anikó
|
| 300 |
|
|
|b Fotogr.
|
| 610 |
2 |
7 |
|a ZaMED (Komárno, Slovensko)
|2 snkbucl
|9 1128416
|
| 650 |
0 |
7 |
|a zdravotnícka záchranná služba
|2 snkbucl
|9 69995
|
| 651 |
|
7 |
|a Komárno (Slovensko)
|2 snkbucl
|9 39168
|
| 700 |
1 |
|
|a Hübschné Dráfi, Anikó
|4 ivr
|4 aut
|9 18497
|
| 700 |
1 |
|
|a Banai Tóth, Lívia
|4 ive
|4 aut
|9 1128583
|
| 700 |
1 |
|
|a Somogyi, Mária
|4 ive
|4 aut
|9 1128415
|
| 700 |
1 |
|
|a Bozsaky, Csaba
|4 ive
|4 aut
|9 1128411
|
| 700 |
1 |
|
|a Jakab, Péter
|4 ive
|4 aut
|9 764465
|
| 773 |
0 |
|
|t Új nő
|g Sz. 2 (2007), o. 30-33
|x 1335-938X
|
| 852 |
|
|
|a SNK
|b KIS3GCP
|
| 852 |
|
|
|a DSZK
|b KIS3GCP
|
| 958 |
|
|
|a HU
|
| 958 |
|
|
|a SK
|
| 999 |
|
|
|c 1897828
|d 1899758
|